000 00484nam a2200193Ia 4500
005 20250423095847.0
008 250422s9999 xx 000 0 und d
020 _a9780324660548
050 _aHB 139 .W665/
100 _aWooldridge, Jeffrey M.
245 0 _aIntroductory econometrics : a modern approach
250 _a4th ed.
260 _aMason
260 _bSouth Western Cengage Learning
260 _c2009
300 _a865 p
650 _aEconometrics.
942 _cBK
999 _c31552
_d31552